Moderní výrobní technologie pro 21.století. Modern Production Technologies for the 21st Century : Odborná konferencia při příležitosti 110. výročí založení VUT v Brně

Uložené v:
Podrobná bibliografia
Médium: Kniha
Vydavateľské údaje: Brno : Vysoké učení technické v Brně, 2009
Vydanie:1. vyd
Predmet:
Tagy: Pridať tag
Žiadne tagy, Buďte prvý, kto otaguje tento záznam!

MARC

LEADER 00000nam a22000003a 4500
001 stu193016
005 20150408174850.5
008 091020s2009----xr----------------------d
020 |a 978-80-214-3914-6 
040 |a STU  |b slo 
041 0
044 |a xr 
080 |a 621 
245 |a Moderní výrobní technologie pro 21.století. Modern Production Technologies for the 21st Century :  |b Odborná konferencia při příležitosti 110. výročí založení VUT v Brně 
250 |a 1. vyd 
260 |a Brno :  |b Vysoké učení technické v Brně,  |c 2009 
300 |a 232 s 
650 7 |a výrobné technológie  |2 stusub 
996 |b 284M071369  |c M*Z-3544  |l MMKN  |s A  |a 24  |w stu193016_0001